[Event "2nd Yerevan Open"]
[Site "?"]
[Date "2017.09.27"]
[Round "9.26"]
[White "Simonyan , Latush"]
[Black "Nugumanov , Bakhtiyar"]
[Result "1-0"]
[WhiteElo "2107"]
[BlackElo "2401"]
[PlyCount "41"]
[SourceDate "2017.09.27"]

1. e4 d5 2. exd5 Nf6 3. d4 Nxd5 4. c4 Nb6 5. Nf3 g6 6. Nc3 Bg7 7. c5 Nd5 8. Bc4
Nxc3 9. bxc3 Nc6 10. O-O O-O 11. Bg5 Na5 12. Bd3 b6 13. Re1 f6 14. Bf4 Bb7 15.
Be4 Bxe4 16. Rxe4 Rf7 17. Qa4 c6 18. Re6 b5 19. Qc2 Qd5 20. Rae1 Bf8 21. h4 {
... 1-0} 1-0

[Event "2nd Yerevan Open"]
[Site "?"]
[Date "2017.09.27"]
[Round "9.27"]
[White "Bagaturov , Giorgi"]
[Black "Pluzyan , Aram"]
[Result "1-0"]
[WhiteElo "2400"]
[BlackElo "2079"]
[PlyCount "53"]
[SourceDate "2017.09.27"]

1. d4 Nf6 2. Nf3 e6 3. c4 d5 4. Nc3 Be7 5. Bg5 Nbd7 6. e3 O-O 7. Rc1 dxc4 8.
Bxc4 a6 9. a4 c5 10. O-O cxd4 11. Qxd4 Qa5 12. e4 Bc5 13. Qd2 Bb4 14. Qe2 h6
15. Bd2 Bxc3 16. Rxc3 Qxa4 17. b3 Qa3 18. e5 Nd5 19. Rd3 Qe7 20. Nd4 Kh8 21.
Qh5 f5 22. Nxe6 Qxe6 23. Bxd5 Qe8 24. Qh4 Kh7 25. Rg3 Qxe5 26. Bc3 g5 27. Bxe5
1-0

[Event "2nd Yerevan Open"]
[Site "?"]
[Date "2017.09.27"]
[Round "9.28"]
[White "Der Manuelian , Haik"]
[Black "Gharibyan , Mamikon"]
[Result "1/2-1/2"]
[WhiteElo "2139"]
[BlackElo "2365"]
[PlyCount "93"]
[SourceDate "2017.09.27"]

1. e4 e5 2. Nf3 Nc6 3. Bb5 a6 4. Ba4 Nf6 5. O-O Nxe4 6. d4 b5 7. Bb3 d5 8. dxe5
Be6 9. Nbd2 Be7 10. c3 O-O 11. Bc2 f5 12. Nb3 Qd7 13. Nfd4 Nxd4 14. cxd4 a5 15.
f3 a4 16. fxe4 axb3 17. Bxb3 fxe4 18. Be3 Rxf1+ 19. Qxf1 Kh8 20. Qe2 Bg8 21.
Rd1 Ra6 22. Qf2 b4 23. Rf1 Ra8 24. Qg3 Ra6 25. Rc1 Rg6 26. Qf2 c6 27. Bd1 Qh3
28. g3 h5 29. Qg2 Qf5 30. Be2 Bg5 31. Qf2 Bxe3 32. Qxe3 Qh3 33. Bf1 Qd7 34. Qf4
Qa7 35. Rd1 Qxa2 36. Be2 Qxb2 37. Bxh5 Rh6 38. g4 Qe2 39. Rf1 Qd3 40. Bf7 Qxd4+
41. Kh1 Bxf7 42. g5 Rg6 43. Qxf7 Qd3 44. e6 Rxe6 45. Rf4 Qd1+ 46. Kg2 Qe2+ 47.
Kg3 1/2-1/2

[Event "2nd Yerevan Open"]
[Site "?"]
[Date "2017.09.27"]
[Round "9.29"]
[White "Hakobyan , Hakob V."]
[Black "Vardanian , Haik G."]
[Result "0-1"]
[WhiteElo "2102"]
[BlackElo "2355"]
[PlyCount "50"]
[SourceDate "2017.09.27"]

1. Nf3 Nc6 2. d4 d6 3. g3 e5 4. Bg2 e4 5. Nfd2 f5 6. O-O d5 7. c4 dxc4 8. e3
Be6 9. Qe2 Qd7 10. Nxc4 O-O-O 11. a3 h5 12. Nc3 Nf6 13. f3 h4 14. g4 exf3 15.
Bxf3 fxg4 16. Bh1 g3 17. Rxf6 gxf6 18. d5 gxh2+ 19. Qxh2 Qg7+ 20. Kf1 Qg3 21.
Qxg3 hxg3 22. Kg1 Bf7 23. dxc6 Bxc4 24. cxb7+ Kb8 25. b3 Ba6 0-1

[Event "2nd Yerevan Open"]
[Site "?"]
[Date "2017.09.27"]
[Round "9.30"]
[White "Santryan , Davit"]
[Black "Nadanian , Ashot"]
[Result "1/2-1/2"]
[WhiteElo "2085"]
[BlackElo "2344"]
[PlyCount "156"]
[SourceDate "2017.09.27"]

1. d4 d5 2. Nf3 c5 3. c4 e6 4. cxd5 exd5 5. g3 Nc6 6. Bg2 Nf6 7. O-O Be7 8. Nc3
O-O 9. dxc5 Bxc5 10. Bg5 d4 11. Ne4 Be7 12. Bxf6 gxf6 13. Rc1 Qb6 14. Qd2 Kg7
15. b3 Rd8 16. Qf4 Be6 17. g4 Qa5 18. Rc5 Bxc5 19. Qxf6+ Kf8 20. Nfg5 Ke8 21.
Nxe6 fxe6 22. Qxe6+ Ne7 23. Nf6+ Kf8 24. Nxh7+ Kg7 25. Qf6+ Kxh7 26. Qf7+ Kh6
27. f4 d3+ 28. Kh1 Be3 29. g5+ Qxg5 30. fxg5+ Bxg5 31. Rf6+ Bxf6 32. Qxf6+ Ng6
33. Be4 Rg8 34. exd3 Raf8 35. Qd6 Rf1+ 36. Kg2 Rf4 37. Kg3 Rf1 38. Qe6 Rg7 39.
Kg2 Rf4 40. Kg3 Rh4 41. h3 Rh5 42. Kf2 Ra5 43. a4 Ra6 44. Qe8 Re7 45. Qg8 Rg7
46. Qc8 Rf6+ 47. Ke1 b6 48. Kd2 Re7 49. b4 Rfe6 50. Kc3 Kg7 51. Kb3 a5 52. b5
Kf6 53. Qc1 Rxe4 54. dxe4 Rxe4 55. Qc6+ Re6 56. Qf3+ Ke7 57. Qg3 Ne5 58. h4 Nf7
59. Qc7+ Ke8 60. Qf4 Rd6 61. Kc4 Kf8 62. Qf5 Kg7 63. Qg4+ Kf8 64. Qf4 Ke7 65.
h5 Ke8 66. Qf5 Kf8 67. Qc8+ Kg7 68. Qe8 Rh6 69. Qe4 Rd6 70. Qf5 Kf8 71. Qe4 Kg7
72. Qe7 Kg8 73. Qe8+ Kg7 74. Qe7 Kg8 75. Qc7 Kg7 76. h6+ Rxh6 77. Kd5 Kf8 78.
Qc8+ Ke7 1/2-1/2

[Event "2nd Yerevan Open"]
[Site "?"]
[Date "2017.09.27"]
[Round "9.31"]
[White "Melkonyan , Arshak"]
[Black "Danielyan , Vahe"]
[Result "0-1"]
[WhiteElo "2064"]
[BlackElo "2331"]
[PlyCount "104"]
[SourceDate "2017.09.27"]

1. e4 c5 2. g3 d5 3. exd5 Qxd5 4. Nf3 Nc6 5. Bg2 Qe6+ 6. Kf1 Nf6 7. Nc3 a6 8.
d3 g6 9. Na4 Nd7 10. Be3 Bg7 11. Ng5 Qd6 12. Ne4 Qc7 13. Nexc5 Nxc5 14. Bxc5
O-O 15. Nb6 Rb8 16. Nd5 Qd8 17. Bb6 Qd7 18. Bc7 Ra8 19. Bf4 Qd8 20. Bc7 Qd7 21.
Bf4 e5 22. Be3 Qd6 23. Nb6 Rb8 24. Na4 Nd4 25. Nc3 Be6 26. Ne4 Qc7 27. Nc3 b5
28. h4 Rfd8 29. a3 a5 30. Rc1 h5 31. Qd2 b4 32. axb4 axb4 33. Ne4 Bg4 34. Bg5
Re8 35. Qe3 f5 36. Nf6+ Bxf6 37. Bxf6 Qd6 38. Bg5 Rbc8 39. f3 f4 40. gxf4 exf4
41. Qxf4 Qxf4 42. Bxf4 Bf5 43. Bd6 Ne2 44. Rd1 Rxc2 45. Bh3 Nd4 46. Bxb4 Ree2
47. Be1 Bxd3 48. Rxd3 Rc1 49. Kg1 Rexe1+ 50. Kg2 Rc2+ 51. Kg3 Ne2+ 52. Kf2 Rxh1
0-1

[Event "2nd Yerevan Open"]
[Site "?"]
[Date "2017.09.27"]
[Round "9.32"]
[White "Sargissyan, Sargis"]
[Black "Yeremyan , Alen"]
[Result "1-0"]
[WhiteElo "2295"]
[BlackElo "2060"]
[PlyCount "93"]
[SourceDate "2017.09.27"]

1. Nf3 Nf6 2. g3 g6 3. Bg2 Bg7 4. c4 O-O 5. d4 d6 6. O-O c6 7. Nc3 Qb6 8. e4
Bg4 9. Rb1 Qa6 10. b3 Qa5 11. Qd2 Qh5 12. Nh4 Qa5 13. h3 Bd7 14. b4 Qc7 15. c5
e5 16. cxd6 Qxd6 17. dxe5 Qxe5 18. f4 Qe7 19. e5 Nh5 20. Ne4 Nxg3 21. Nxg6 fxg6
22. Nxg3 Na6 23. b5 Nc7 24. bxc6 Bxc6 25. Bxc6 bxc6 26. Qg2 Nd5 27. Rb3 Qc5+
28. Qf2 Qc4 29. Rf3 Rab8 30. Ba3 Rf7 31. Bd6 Rd8 32. Kg2 Bf8 33. e6 Rf6 34. Be5
Rxe6 35. Qxa7 Re7 36. Qa5 Rdd7 37. R1f2 Re8 38. Qe1 Rf7 39. Qe4 Qc5 40. Rc2 Qb5
41. a4 Qb6 42. Qc4 Ne3+ 43. Rxe3 Qxe3 44. Ne4 Be7 45. Re2 Qa3 46. Bb2 Qb4 47.
Nf6+ 1-0

[Event "2nd Yerevan Open"]
[Site "?"]
[Date "2017.09.27"]
[Round "9.33"]
[White "Muradyan , Robert"]
[Black "Manukyan , Sargis V."]
[Result "1/2-1/2"]
[WhiteElo "1846"]
[BlackElo "2287"]
[PlyCount "23"]
[SourceDate "2017.09.27"]

1. c4 g6 2. Nc3 c5 3. g3 Bg7 4. Bg2 Nc6 5. Nf3 e5 6. O-O Nge7 7. d3 O-O 8. a3
d6 9. Rb1 a5 10. Ne1 Be6 11. Nd5 Rb8 12. Nxe7+ 1/2-1/2

[Event "2nd Yerevan Open"]
[Site "?"]
[Date "2017.09.27"]
[Round "9.34"]
[White "Hoghmrtsyan , Artur"]
[Black "Hakobyan , Hovhannes H."]
[Result "1/2-1/2"]
[WhiteElo "2012"]
[BlackElo "2242"]
[PlyCount "36"]
[SourceDate "2017.09.27"]

1. d4 Nf6 2. c4 g6 3. Nc3 Bg7 4. e4 d6 5. h3 O-O 6. Be3 c5 7. d5 e6 8. Bd3 exd5
9. exd5 a6 10. a4 Nfd7 11. Nf3 Ne5 12. Nxe5 Bxe5 13. Qd2 Nd7 14. O-O f5 15. f4
Bg7 16. Bf2 Nf6 17. Bh4 Bd7 18. Qc2 Qc7 1/2-1/2

[Event "2nd Yerevan Open"]
[Site "?"]
[Date "2017.09.27"]
[Round "9.35"]
[White "Mkrtchyan , Sargis R."]
[Black "Harutyunyan , Erik"]
[Result "1/2-1/2"]
[WhiteElo "2115"]
[BlackElo "2031"]
[PlyCount "56"]
[SourceDate "2017.09.27"]

1. d4 d5 2. c4 c6 3. Nf3 Nf6 4. e3 Bf5 5. Nc3 e6 6. Nh4 Bg6 7. Be2 Nbd7 8. O-O
Bd6 9. g3 Qe7 10. Bd2 O-O 11. Nxg6 hxg6 12. Qb3 Rfb8 13. Rfd1 b5 14. c5 Bc7 15.
a4 b4 16. Nb5 cxb5 17. axb5 Nxc5 18. dxc5 Qxc5 19. Bxb4 Rxb5 20. Bxb5 Qxb5 21.
Qa4 Rb8 22. Qxb5 Rxb5 23. Rxa7 Rxb4 24. Rxc7 Rxb2 25. Ra1 Rb8 26. Raa7 Rf8 27.
f3 g5 28. g4 g6 {...} 1/2-1/2

[Event "2nd Yerevan Open"]
[Site "?"]
[Date "2017.09.27"]
[Round "9.36"]
[White "Barseghyan , Armen Ar."]
[Black "Demianjuk , Alexander"]
[Result "1-0"]
[WhiteElo "2020"]
[BlackElo "2330"]
[PlyCount "63"]
[SourceDate "2017.09.27"]

1. d4 Nf6 2. Nf3 e6 3. e3 b6 4. Bd3 Bb7 5. O-O d5 6. c4 Bd6 7. b3 O-O 8. Bb2
Nbd7 9. Ne5 Bxe5 10. dxe5 Ne4 11. cxd5 exd5 12. b4 Qh4 13. f3 Rad8 14. e6 Nb8
15. Qe1 Qxe1 16. Rxe1 fxe6 17. fxe4 dxe4 18. Bc2 Na6 19. a3 c5 20. b5 Nc7 21.
a4 a6 22. Be5 Ne8 23. Nc3 Rf5 24. Bg3 Nf6 25. Rad1 Ra8 26. Rd6 axb5 27. axb5
Bd5 28. Rxb6 Ra3 29. Nxd5 exd5 30. Rc6 Rc3 31. b6 Rxc2 32. b7 1-0

[Event "2nd Yerevan Open"]
[Site "?"]
[Date "2017.09.27"]
[Round "9.37"]
[White "Gevorgyan , Maria"]
[Black "Khachatrian , Arbi"]
[Result "1-0"]
[WhiteElo "2294"]
[BlackElo "1889"]
[PlyCount "80"]
[SourceDate "2017.09.27"]

1. e4 c5 2. Nc3 e6 3. Nf3 Nc6 4. Bb5 Nge7 5. O-O a6 6. Bxc6 Nxc6 7. d4 cxd4 8.
Nxd4 Be7 9. Re1 d6 10. Nxc6 bxc6 11. Qg4 Kf8 12. e5 dxe5 13. Rxe5 f6 14. Re1
Qa5 15. Qf3 Bd7 16. Bf4 Kf7 17. Rad1 Ra7 18. Ne4 Rf8 19. Qb3 Qb4 20. Qe3 c5 21.
c3 Qb6 22. Bd6 Bc8 23. b4 Qc6 24. Bxc5 Bxc5 25. Nxc5 Re7 26. a4 e5 27. Rd2 Bb7
28. f3 h6 29. Red1 Kg8 30. Rd6 Qc8 31. Qd3 a5 32. Nd7 e4 33. fxe4 Bxe4 34. Qg3
Rxd7 35. Rxd7 g5 36. Qh3 Bg6 37. Qxh6 Bf7 38. Qxf6 Qc4 39. Qxg5+ Kh8 40. R1d4
axb4 1-0

[Event "2nd Yerevan Open"]
[Site "?"]
[Date "2017.09.27"]
[Round "9.38"]
[White "Martirosyan , Garik"]
[Black "Gasparian , Tigran"]
[Result "0-1"]
[WhiteElo "2018"]
[BlackElo "2208"]
[PlyCount "56"]
[SourceDate "2017.09.27"]

1. d4 e6 2. c4 Bb4+ 3. Nc3 f5 4. f3 Nf6 5. Nh3 O-O 6. Bd2 d6 7. a3 Bxc3 8. Bxc3
Qe7 9. e3 e5 10. Qc2 Re8 11. d5 c6 12. e4 fxe4 13. fxe4 cxd5 14. exd5 Bxh3 15.
gxh3 Nbd7 16. O-O-O Rec8 17. Kb1 Nb6 18. b3 Nbxd5 19. Bd2 Nc7 20. Bb4 Rd8 21.
Bg2 a5 22. Bc3 Ne6 23. Rhf1 a4 24. b4 Qf7 25. Bd5 Nxd5 26. cxd5 Nf4 27. Qe4
Rac8 28. Bd2 Qxd5 0-1

[Event "2nd Yerevan Open"]
[Site "?"]
[Date "2017.09.27"]
[Round "9.39"]
[White "	Manukyan , Levon"]
[Black "Grigorian , Marine"]
[Result "1/2-1/2"]
[WhiteElo "1871"]
[BlackElo "2183"]
[PlyCount "92"]
[SourceDate "2017.09.27"]

1. e4 d6 2. d4 Nf6 3. Nc3 e5 4. Nf3 Nbd7 5. g4 Nxg4 6. Rg1 Ngf6 7. Bc4 h6 8.
Be3 c6 9. dxe5 dxe5 10. Qd3 b5 11. Bb3 Qa5 12. a4 b4 13. Ne2 Ba6 14. Bc4 Nc5
15. Bxc5 Bxc4 16. Qxc4 Qxc5 17. Nxe5 Qxc4 18. Nxc4 Nxe4 19. O-O-O Nxf2 20. Rdf1
Ne4 21. Ne5 Bc5 22. Rxg7 Be3+ 23. Kd1 O-O-O+ 24. Nd3 Nf2+ 25. Ke1 Nxd3+ 26.
cxd3 Rxd3 27. Rfxf7 Re8 28. Rc7+ Kb8 29. Rb7+ Ka8 30. Rbe7 Rxe7 31. Rxe7 Bg5
32. Rc7 Bh4+ 33. Kf1 Rf3+ 34. Kg1 Rf2 35. Nd4 Rxb2 36. Nxc6 Bf2+ 37. Kf1 Bb6
38. Rf7 a5 39. Rf5 Rxh2 40. Nxa5 Rh4 41. Rb5 Bc7 42. Nc6 Bd6 43. Rd5 Rf4+ 44.
Ke2 Rf6 45. Rb5 Rf4 46. Rd5 Bc7 1/2-1/2

[Event "2nd Yerevan Open"]
[Site "?"]
[Date "2017.09.27"]
[Round "9.40"]
[White "Khachatryan , Veronika"]
[Black "Yeritsyan, Hayk"]
[Result "0-1"]
[WhiteElo "1595"]
[BlackElo "2078"]
[PlyCount "90"]
[SourceDate "2017.09.27"]

1. d4 Nf6 2. c4 g6 3. Nc3 Bg7 4. e4 d6 5. Be2 O-O 6. Bg5 c5 7. d5 e6 8. Nf3
exd5 9. cxd5 Bg4 10. Nd2 Bxe2 11. Qxe2 h6 12. Be3 Re8 13. O-O Nbd7 14. a4 a6
15. a5 Qc7 16. f4 Re7 17. Qd3 Rae8 18. Bf2 Qb8 19. Rae1 Nh7 20. Bh4 g5 21. Bg3
gxf4 22. Bxf4 Ne5 23. Qg3 Kh8 24. Qh3 Qc8 25. Bxe5 Bxe5 26. Qxh6 Qg4 27. Nf3
Rg8 28. Nh4 Bd4+ 29. Kh1 Bxc3 30. bxc3 Rxe4 31. Rxe4 Qxe4 32. h3 Qxd5 33. Rf5
Qe6 34. Qf4 f6 35. c4 Rg5 36. Kh2 Kg8 37. Qf1 Rxf5 38. Qxf5 Qxc4 39. Qg6+ Kh8
40. Qe8+ Qg8 41. Qe7 d5 42. Qxb7 c4 43. Qxa6 d4 44. Qd6 c3 45. Qxd4 c2 0-1

[Event "2nd Yerevan Open"]
[Site "?"]
[Date "2017.09.27"]
[Round "9.41"]
[White "Bagheri , Maziar"]
[Black "Ghazaryan , Raffi"]
[Result "1-0"]
[WhiteElo "2285"]
[BlackElo "1833"]
[PlyCount "69"]
[SourceDate "2017.09.27"]

1. Nf3 Nf6 2. d4 c5 3. e3 cxd4 4. exd4 d5 5. Bd3 Nc6 6. O-O g6 7. Re1 Bf5 8.
Nc3 Bg7 9. Bf4 O-O 10. Bxf5 gxf5 11. Ne5 Ne4 12. Nxe4 dxe4 13. Nxc6 bxc6 14. c3
f6 15. Qb3+ Qd5 16. Red1 Qf7 17. d5 cxd5 18. Qxd5 a5 19. Be3 Kh8 20. Qxf7 Rxf7
21. g3 Rb8 22. b4 Rc8 23. Rac1 Bf8 24. a4 e5 25. b5 Ba3 26. c4 Rcc7 27. b6 Rb7
28. c5 f4 29. c6 Rb8 30. gxf4 exf4 31. Bd4 Be7 32. b7 Rg7+ 33. Kh1 e3 34. fxe3
fxe3 35. Bxe3 1-0

[Event "2nd Yerevan Open"]
[Site "?"]
[Date "2017.09.27"]
[Round "9.43"]
[White "Nalbandyan, Vahan"]
[Black "Karatorossian , David"]
[Result "0-1"]
[WhiteElo "1910"]
[BlackElo "2250"]
[PlyCount "96"]
[SourceDate "2017.09.27"]

1. Nf3 Nf6 2. g3 g6 3. Bg2 Bg7 4. O-O O-O 5. d3 d6 6. c4 c6 7. Nc3 e5 8. c5 Re8
9. cxd6 Qxd6 10. h3 Nbd7 11. Be3 Nd5 12. Bg5 Nxc3 13. bxc3 e4 14. dxe4 Qxd1 15.
Rfxd1 Rxe4 16. Nd4 Re5 17. Bf4 Rc5 18. Rac1 Rc4 19. Rd2 h6 20. e4 Ne5 21. Bxe5
Bxe5 22. f4 Bc7 23. Bf1 Ra4 24. c4 Ra3 25. Kh2 Kf8 26. c5 g5 27. e5 gxf4 28.
gxf4 f6 29. Re1 Rc3 30. Rg2 fxe5 31. fxe5 Rxc5 32. Rge2 Ke7 33. Nb3 Rxe5 34.
Rxe5+ Kf6 35. Bc4 Bxe5+ 36. Kg2 Bf5 37. Rf1 Rd8 38. Nc5 Rd2+ 39. Kf3 Rd4 40.
Be2 Rf4+ 41. Ke3 Rxf1 42. Bxf1 b6 43. Ne4+ Ke7 44. Bg2 Be6 45. Nd2 Kd6 46. Nb3
a5 47. Bf1 a4 48. Nc1 b5 0-1

[Event "2nd Yerevan Open"]
[Site "?"]
[Date "2017.09.27"]
[Round "9.45"]
[White "Gaboyan , Susanna"]
[Black "Petrosyan , Sahak"]
[Result "1-0"]
[WhiteElo "2166"]
[BlackElo "1824"]
[PlyCount "85"]
[SourceDate "2017.09.27"]

1. d4 d5 2. c4 e6 3. g3 Nf6 4. Bg2 Be7 5. Nc3 O-O 6. Nf3 Nbd7 7. O-O b6 8. cxd5
exd5 9. Bf4 c6 10. Rc1 Bb7 11. Ne5 Nxe5 12. dxe5 Nd7 13. e4 g5 14. exd5 gxf4
15. dxc6 Nxe5 16. cxb7 Rb8 17. Qxd8 Rfxd8 18. Nd5 f3 19. Nxe7+ Kf8 20. Nc6 Nxc6
21. Bxf3 Nd4 22. Be4 f5 23. Bg2 Ne2+ 24. Kh1 Nxc1 25. Rxc1 Ke7 26. Bf3 Rd7 27.
Kg2 Kf6 28. Rc6+ Ke5 29. Rc8 Rbxb7 30. Bxb7 Rxb7 31. Kf3 Rd7 32. Ke3 Re7 33.
Rf8 Rc7 34. h4 Ke6 35. Ra8 Kf6 36. b3 Ke6 37. Kf4 Rd7 38. Re8+ Kf7 39. Re5 Rd2
40. Rxf5+ Ke6 41. Kg5 Re2 42. Rf6+ Ke7 43. Rh6 1-0

[Event "2nd Yerevan Open"]
[Site "?"]
[Date "2017.09.27"]
[Round "9.46"]
[White "Tavoosi , Rad Ramtin"]
[Black "Boyajyan , Hayk"]
[Result "0-1"]
[WhiteElo "2070"]
[BlackElo "1848"]
[PlyCount "92"]
[SourceDate "2017.09.27"]

1. e4 c5 2. Nc3 d6 3. g3 g6 4. Bg2 Bg7 5. d3 Nc6 6. f4 e6 7. Nf3 Nge7 8. Be3
Nd4 9. O-O O-O 10. e5 Nef5 11. Bf2 Nxf3+ 12. Bxf3 dxe5 13. fxe5 Bxe5 14. Bxc5
Bd4+ 15. Bxd4 Qxd4+ 16. Rf2 e5 17. Qe2 f6 18. Rb1 Rb8 19. Qe4 Be6 20. a3 b5 21.
Qc6 Rb6 22. Qe4 Kg7 23. Qxd4 Nxd4 24. Bg2 Rc8 25. Rc1 b4 26. Ne4 bxa3 27. bxa3
Bg4 28. Kf1 f5 29. Ng5 h6 30. Nf3 Bxf3 31. Bxf3 Rc3 32. a4 e4 33. Be2 Nxe2 34.
Rxe2 exd3 35. Re7+ Kf6 36. Rc7 Rxc2 37. Rd1 Rxh2 38. Kg1 Ra2 39. Rd7 Rxa4 40.
R7xd3 Ra2 41. Rc3 Rab2 42. Rdc1 Rb1 43. Rxb1 Rxb1+ 44. Kf2 Kg5 45. Kf3 Rb7 46.
Ra3 h5 0-1

[Event "2nd Yerevan Open"]
[Site "?"]
[Date "2017.09.27"]
[Round "9.47"]
[White "Shahzamani , Arman"]
[Black "Manukyan , Sevak N."]
[Result "1-0"]
[WhiteElo "2064"]
[BlackElo "1799"]
[PlyCount "131"]
[SourceDate "2017.09.27"]

1. Nf3 Nf6 2. g3 d5 3. Bg2 c5 4. O-O Nc6 5. d3 e6 6. c4 Be7 7. cxd5 Nxd5 8. Nc3
Bf6 9. Bd2 O-O 10. Rc1 b6 11. a3 Bb7 12. Qa4 Nd4 13. Nxd4 Bxd4 14. Nxd5 Bxd5
15. b4 Bxg2 16. Kxg2 Qd5+ 17. Kg1 a6 18. e3 Bf6 19. bxc5 Qxd3 20. Rfd1 bxc5 21.
Bb4 Qe4 22. Rxc5 Rfd8 23. Rcc1 Qb7 24. Rxd8+ Rxd8 25. Qc6 Qxc6 26. Rxc6 Ra8 27.
Kf1 g6 28. a4 Kg7 29. Ke2 g5 30. g4 Kg6 31. Bd2 h5 32. h3 hxg4 33. hxg4 Be7 34.
Kd3 Kg7 35. Ke4 a5 36. Rb6 Ra7 37. Rb5 Bd8 38. Bc3+ Kg6 39. f4 gxf4 40. exf4 f6
41. Bd2 Kf7 42. Rh5 Kg6 43. Rc5 Kf7 44. Rb5 Kg6 45. f5+ exf5+ 46. gxf5+ Kf7 47.
Bc3 Ke8 48. Kd5 Kd7 49. Bd4 Ra6 50. Rb7+ Bc7 51. Bc5 Kc8 52. Ra7 Rxa7 53. Bxa7
Kd7 54. Bd4 Bd8 55. Bc3 Ke7 56. Kc6 Ke8 57. Kb5 Kd7 58. Bxa5 Be7 59. Bb6 Bd6
60. a5 Bb8 61. Bd4 Kd6 62. Bxf6 Kd5 63. Bc3 Kd6 64. a6 Ba7 65. f6 Ke6 66. Kc6
1-0

[Event "2nd Yerevan Open"]
[Site "?"]
[Date "2017.09.27"]
[Round "9.48"]
[White "Grigoryan , Arpine"]
[Black "Sargsyan , Anna M."]
[Result "1/2-1/2"]
[WhiteElo "1865"]
[BlackElo "2047"]
[PlyCount "190"]
[SourceDate "2017.09.27"]

1. e4 Nf6 2. e5 Nd5 3. d4 d6 4. Nf3 Bg4 5. Be2 c6 6. O-O Bxf3 7. Bxf3 dxe5 8.
dxe5 e6 9. Qe2 Nd7 10. Rd1 Qc7 11. c4 Ne7 12. Bf4 Ng6 13. Bg3 Ndxe5 14. Bh5 Qa5
15. Nc3 Be7 16. a3 Qc5 17. b3 Rd8 18. Rxd8+ Bxd8 19. Ne4 Qe7 20. Bxg6 Nxg6 21.
Nd6+ Kf8 22. Rd1 Kg8 23. Nxb7 Bb6 24. Nd6 h5 25. Nc8 Qg5 26. Nxb6 axb6 27. Qe3
Qxe3 28. fxe3 Kh7 29. Rd7 e5 30. h4 Ra8 31. a4 b5 32. cxb5 cxb5 33. axb5 Ra3
34. Rxf7 Rxb3 35. Rf5 Kh6 36. Bxe5 Nxh4 37. Bf4+ Kg6 38. Rg5+ Kf6 39. Rxh5 Nf5
40. Kf2 Rxb5 41. g4 Rb2+ 42. Kf3 g6 43. Rg5 Nh6 44. Ra5 Nf7 45. g5+ Kg7 46.
Be5+ Nxe5+ 47. Rxe5 Kf7 48. Ra5 Ke6 49. Kf4 Rf2+ 50. Ke4 Rg2 51. Ra6+ Kf7 52.
Kf4 Rf2+ 53. Kg3 Rf5 54. Kg4 Re5 55. Rf6+ Kg7 56. Kf4 Ra5 57. e4 Ra1 58. Rb6
Ra7 59. Rd6 Re7 60. e5 Rf7+ 61. Rf6 Ra7 62. e6 Ra4+ 63. Ke5 Ra5+ 64. Kd6 Ra6+
65. Kc7 Ra7+ 66. Kc6 Ra6+ 67. Kb5 Ra1 68. Kc5 Ra5+ 69. Kd6 Ra6+ 70. Kc7 Ra7+
71. Kc6 Ra6+ 72. Kb5 Ra1 73. Rf7+ Kg8 74. Kc6 Ra5 75. Kd6 Rxg5 76. Rf6 Kg7 77.
e7 Kxf6 78. e8=Q Rh5 79. Qe6+ Kg7 80. Qe7+ Kg8 81. Ke6 Rf5 82. Qd8+ Kg7 83. Qh4
Rf7 84. Qg5 Rf5 85. Qe7+ Kg8 86. Qh4 Kg7 87. Qd4+ Kg8 88. Qd7 Rf8 89. Qd5 Rf5
90. Qc4 Kg7 91. Ke7 Re5+ 92. Kd7 Rf5 93. Qe6 Rf7+ 94. Ke8 Rf8+ 95. Ke7 Rf5
1/2-1/2

[Event "2nd Yerevan Open"]
[Site "?"]
[Date "2017.09.27"]
[Round "9.49"]
[White "Israyelyan , Eduard"]
[Black "Sayadyan , Edvard"]
[Result "1/2-1/2"]
[WhiteElo "1854"]
[BlackElo "2011"]
[PlyCount "122"]
[SourceDate "2017.09.27"]

1. Nf3 Nf6 2. c4 g6 3. b4 Bg7 4. Bb2 d6 5. d4 O-O 6. Nc3 b6 7. e3 Bb7 8. Be2
Nbd7 9. a4 a5 10. Qb3 Ne4 11. O-O e5 12. Rad1 exd4 13. exd4 Re8 14. Rfe1 axb4
15. Nxe4 Rxe4 16. Qxb4 Qf6 17. Ba1 Rae8 18. d5 Qf4 19. Bxg7 Kxg7 20. Qc3+ Qf6
21. Qxf6+ Kxf6 22. Kf1 Nc5 23. Nd2 Rd4 24. f3 Rh4 25. Kg1 Kg7 26. Nb1 Nxa4 27.
g3 Rh6 28. Bd3 Rxe1+ 29. Rxe1 Nc5 30. Bc2 b5 31. cxb5 Bxd5 32. f4 Ne6 33. Rd1
Bf3 34. Rd2 Rh5 35. f5 gxf5 36. b6 cxb6 37. Rxd6 f4 38. Rxb6 fxg3 39. hxg3 Ng5
40. Bf5 Bd5 41. Nc3 Ba8 42. Kf2 Rh2+ 43. Ke3 Rg2 44. g4 h6 45. Ne2 Nh3 46. Nd4
Rg3+ 47. Kd2 Nf4 48. Bb1 Rg2+ 49. Ke1 Ne6 50. Nxe6+ fxe6 51. Kf1 Bd5 52. Rxe6
Rxg4 53. Rd6 Bf7 54. Kf2 h5 55. Bd3 h4 56. Be2 Rf4+ 57. Kg2 Bg6 58. Rd7+ Kf6
59. Rd6+ Kg5 60. Rd5+ Kh6 61. Rd6 Kg7 {...} 1/2-1/2

[Event "2nd Yerevan Open"]
[Site "?"]
[Date "2017.09.27"]
[Round "9.50"]
[White "Manukyan , Aleks"]
[Black "Mkrtumyan , Robert"]
[Result "1-0"]
[WhiteElo "2003"]
[BlackElo "1642"]
[PlyCount "59"]
[SourceDate "2017.09.27"]

1. d4 Nf6 2. Nf3 g6 3. c4 Bg7 4. Nc3 d5 5. Bf4 O-O 6. e3 b6 7. Nxd5 Nxd5 8.
cxd5 Qxd5 9. Bxc7 Na6 10. Bg3 Qa5+ 11. Qd2 Nb4 12. Rc1 Bf5 13. a3 Nc2+ 14. Kd1
Qa4 15. Rxc2 Qb3 16. Ne1 Bxc2+ 17. Qxc2 Qa2 18. Bc4 Qa1+ 19. Ke2 Rac8 20. Rf1
e6 21. Nd3 Qa2 22. Bxa2 Rxc2+ 23. Kd1 Rfc8 24. Bb3 R2c6 25. Kd2 Rd8 26. Ba4
Rcc8 27. Bb5 Rd5 28. Ba6 Rcd8 29. Rc1 Ra5 30. Nb4 1-0

[Event "2nd Yerevan Open"]
[Site "?"]
[Date "2017.09.27"]
[Round "9.51"]
[White "	Avetisyan , Mariam"]
[Black "	Nourimoghaddam , Shahrokh"]
[Result "1-0"]
[WhiteElo "1976"]
[BlackElo "1794"]
[PlyCount "79"]
[SourceDate "2017.09.27"]

1. d4 d5 2. c4 e6 3. Nc3 Nf6 4. Nf3 Nbd7 5. Bf4 c6 6. e3 a6 7. c5 Be7 8. h3 O-O
9. Bd3 Re8 10. O-O Nf8 11. b4 N6d7 12. e4 dxe4 13. Nxe4 Nf6 14. Nd6 Bxd6 15.
Bxd6 Nd5 16. a3 f6 17. Qe2 g6 18. Rfe1 Qd7 19. Qd2 Qg7 20. a4 Bd7 21. Qb2 g5
22. Nd2 Ng6 23. Nc4 Kh8 24. Bf1 Rg8 25. Ra3 Rae8 26. Bh2 Re7 27. Nd6 Ndf4 28.
Nxb7 Qh6 29. Nd6 g4 30. h4 Qxh4 31. Bxf4 Nxf4 32. Nf5 exf5 33. Rxe7 Nh3+ 34.
gxh3 gxh3+ 35. Kh1 f4 36. Qb1 h2 37. Bg2 Bg4 38. f3 Bc8 39. Ra2 Qh5 40. Qe4 1-0

[Event "2nd Yerevan Open"]
[Site "?"]
[Date "2017.09.27"]
[Round "9.52"]
[White "Davtyan , Arsen"]
[Black "Antonyan , Samvel"]
[Result "1-0"]
[WhiteElo "1969"]
[BlackElo "1648"]
[PlyCount "67"]
[SourceDate "2017.09.27"]

1. d4 d5 2. c4 e6 3. Nf3 Nf6 4. g3 Be7 5. Nbd2 O-O 6. Bg2 c5 7. dxc5 Bxc5 8.
O-O Nc6 9. Nb3 Be7 10. cxd5 exd5 11. Nfd4 Re8 12. Bf4 Bg4 13. h3 Bh5 14. a3
Nxd4 15. Nxd4 Bc5 16. g4 Bg6 17. e3 Be4 18. b4 Bxd4 19. Qxd4 Bxg2 20. Kxg2 Re4
21. Qd3 Rc8 22. Rfd1 Qb6 23. g5 Nh5 24. Bd6 Rd8 25. Qxd5 Re6 26. Bc5 Rxd5 27.
Bxb6 Rxg5+ 28. Kf1 h6 29. Bxa7 Rf5 30. Bd4 Ng3+ 31. Kg2 Ne4 32. f4 Rg6+ 33. Kf3
Ng5+ 34. Kg4 1-0

[Event "2nd Yerevan Open"]
[Site "?"]
[Date "2017.09.27"]
[Round "9.53"]
[White "Seyranyan , Gor"]
[Black "Rezanezhad , Hassan"]
[Result "1/2-1/2"]
[WhiteElo "1747"]
[BlackElo "1959"]
[PlyCount "111"]
[SourceDate "2017.09.27"]

1. d4 Nf6 2. Nf3 g6 3. c4 Bg7 4. Nc3 d6 5. e4 O-O 6. Be2 e5 7. dxe5 dxe5 8.
Qxd8 Rxd8 9. Bg5 Re8 10. Nd5 Nxd5 11. cxd5 c6 12. Bc4 b5 13. Bb3 Bb7 14. O-O-O
c5 15. d6 Nd7 16. Bd5 Bxd5 17. Rxd5 f6 18. Be3 Rec8 19. Kb1 a6 20. Rc1 c4 21.
Ne1 Kf7 22. Nc2 Ke6 23. a4 bxa4 24. Na3 c3 25. Rxc3 Rxc3 26. bxc3 Bf8 27. Ra5
Bxd6 28. Rxa4 Bc5 29. Nc4 f5 30. f3 fxe4 31. fxe4 Bxe3 32. Nxe3 Kd6 33. Ra5 h5
34. Kc2 Ra7 35. Nc4+ Ke6 36. Kd3 Kf6 37. Rd5 h4 38. Rd6+ Kg5 39. Rd5 Kf4 40.
g3+ hxg3 41. hxg3+ Kxg3 42. Nxe5 Nxe5+ 43. Rxe5 Kf4 44. Re6 Rf7 45. Kc4 g5 46.
Rxa6 Kxe4 47. Rg6 Kf4 48. Kb5 g4 49. c4 g3 50. c5 Rf5 51. Kb6 Rg5 52. Rf6+ Ke3
53. Rf1 g2 54. Rg1 Kf2 55. Rxg2+ Rxg2 56. c6 1/2-1/2